Football Teams Freddy Rincón Played For - Statistics

General Stats
  • This quiz has been taken 7 times
  • The average score is 7 of 11
Answer Stats
League Years Team % Correct
Colombia 1990-1994 CD América de Cali
80%
Spain 1995-1996 Real Madrid
80%
Colombia 1986-1987 Barranquilla FC
60%
Colombia 1987-1990 Independiente Santa Fe
60%
Brazil 2000-2001 Santos FC
60%
Brazil 1997-2000 SC Corinthians
60%
Brazil 2004 SC Corinthians
60%
Brazil 1994 SE Palmeiras
60%
Brazil 1996-1997 SE Palmeiras
60%
Italy 1994-1995 SSC Napoli
60%
Brazil 2001-2004 Cruzeiro EC
40%
No matching quizzes found
Score Distribution
Percent of People with Each Score
Percentile by Number Answered
Your Score History
You have not taken this quiz